Elmar Rojas y el realismo mágico en la pintura /
Gespeichert in:
| 1. Verfasser: | |
|---|---|
| Format: | Unbekannt |
| Sprache: | Spanish |
| Veröffentlicht: |
[Guatemala] :
[USAC], [1979?].
|
| Schlagworte: | |
| Tags: |
Tag hinzufügen
Keine Tags, Fügen Sie den ersten Tag hinzu!
|
MARC
| LEADER | 000000000a22000000004500 | ||
|---|---|---|---|
| 001 | 001623 | ||
| 041 | 0 | |a spa | |
| 082 | 0 | 4 | |a 759.728.1 |b M538e |
| 100 | 1 | |a Méndez D'Avila, Lionel, |d 1938- | |
| 245 | 1 | 0 | |a Elmar Rojas y el realismo mágico en la pintura / |c Lionel Méndez D'Avila. |
| 260 | 1 | |a [Guatemala] : |b [USAC], [1979?]. | |
| 650 | 4 | |a PINTURA GUATEMALTECA | |
| 650 | 4 | |a REALISMO MAGICO | |
| 650 | 4 | |a CATALOGO | |
| 999 | |c 8323 |d 8323 | ||
| 942 | |c BK |h 759.728.1 M538e |2 z | ||
